[Event "Amantea op-B 9th"]
[Site "Amantea"]
[Date "2011.09.11"]
[Round "8"]
[White "Luongo, Antonio"]
[Black "Gemelli, Antonio"]
[Result "1-0"]
[WhiteElo "1776"]
[BlackElo "1458"]
[PlyCount "93"]
[EventDate "2011.09.04"]
[EventType "swiss"]
[EventRounds "8"]
[EventCountry "ITA"]
[SourceTitle "EXT 2014"]
[Source "ChessBase"]
[SourceDate "2013.11.20"]
[SourceVersion "1"]
[SourceVersionDate "2013.11.20"]
[SourceQuality "1"]

1. d4 d5 2. Nf3 Nf6 3. c4 e6 4. Nc3 c6 5. Bg5 Nbd7 6. e3 Be7 7. cxd5 exd5 8. Be2 b6 9. 0-0 Bb7 10. Rc1 0-0 11. a3 c5 12. Bb5 a6 13. Be2 c4 14. Re1 h6 15. Bh4 b5 16. Qc2 Re8 17. Bg3 Nb6 18. h3 Bd6 19. Bxd6 Qxd6 20. Ne5 Rad8 21. h4 Nbd7 22. f4 Nb6 23. g4 Nfd7 24. g5 Nxe5 25. fxe5 Qd7 26. Bf3 hxg5 27. hxg5 Qh3 28. Qg2 Qxg2+ 29. Kxg2 g6 30. Bg4 Kg7 31. Rh1 Rh8 32. Rcf1 Rxh1 33. Rxh1 Rh8 34. Rxh8 Kxh8 35. e6 fxe6 36. Bxe6 Kg7 37. Kg3 Kf8 38. Kf4 Ke7 39. Ke5 Bc6 40. Bxd5 Bxd5 41. Nxd5+ Nxd5 42. Kxd5 a5 43. Kc5 b4 44. axb4 c3 45. bxc3 a4 46. b5 Kd7 47. Kb4 1-0

[Event "Amantea op-B 9th"]
[Site "Amantea"]
[Date "2011.09.06"]
[Round "3"]
[White "Attina, Rodolfo"]
[Black "Gemelli, Antonio"]
[Result "0-1"]
[WhiteElo "1401"]
[BlackElo "1458"]
[PlyCount "108"]
[EventDate "2011.09.04"]
[EventType "swiss"]
[EventRounds "8"]
[EventCountry "ITA"]
[SourceTitle "EXT 2014"]
[Source "ChessBase"]
[SourceDate "2013.11.20"]
[SourceVersion "1"]
[SourceVersionDate "2013.11.20"]
[SourceQuality "1"]

1. Nf3 Nf6 2. d4 d5 3. g3 c6 4. Nbd2 e6 5. Bg2 Be7 6. 0-0 0-0 7. Re1 Nbd7 8. c3 b6 9. e4 dxe4 10. Nxe4 Bb7 11. Nxf6+ Nxf6 12. Bf4 c5 13. Be5 Qd7 14. Qc2 Rfd8 15. Rad1 Qe8 16. Rd2 Rac8 17. b3 Ba8 18. Rdd1 h6 19. Qe2 Ne4 20. Rc1 cxd4 21. Bxd4 Nf6 22. Nd2 Bxg2 23. Kxg2 Ba3 24. Rcd1 Bb2 25. Bxf6 gxf6 26. Qg4+ Kh8 27. Nc4 Bxc3 28. Re3 Rxd1 29. Qxd1 Qc6+ 30. f3 Bb4 31. Rd3 Be7 32. Rd7 Rc7 33. Rxc7 Qxc7 34. Ne3 f5 35. Qd4+ Kh7 36. Qd3 Qd6 37. Qxd6 Bxd6 38. Nc4 Be7 39. a4 Bc5 40. Ne5 Kg7 41. Nd7 Bd6 42. f4 f6 43. Kh3 Kf7 44. Kh4 Ke7 45. Kh5 Kxd7 46. Kxh6 e5 47. Kg6 Ke6 48. h4 e4 49. h5 Bf8 50. b4 e3 51. g4 fxg4 52. f5+ Ke7 53. h6 Bxh6 54. Kxh6 e2 0-1